A mixed two-component model for multiplicity distributions /
Saved in:
| Main Author: | |
|---|---|
| Format: | Thesis Book |
| Language: | English |
| Published: |
1983.
|
| Subjects: | |
| Tags: |
Add Tag
No Tags, Be the first to tag this record!
|
| LEADER | 00740nam a2200241 4500 | ||
|---|---|---|---|
| 001 | u35132 | ||
| 003 | SIRSI | ||
| 008 | 841217s1983 si v 0 eng | ||
| 015 | |a X840014353 | ||
| 035 | |a AAD-7839 | ||
| 040 | |a UMM | ||
| 090 | 0 | 0 | |a QC793 |b Kam |
| 100 | 1 | 0 | |a Kam, Chan Hin |
| 245 | 1 | 2 | |a A mixed two-component model for multiplicity distributions / |c Kam Chan Hin |
| 260 | |c 1983. | ||
| 300 | |a vii, 187 leaves : |b ill. ; |c 29cm | ||
| 500 | |a Cover title | ||
| 502 | |a Thesis (Ph.D.) -- National University of Singapore, 1983 | ||
| 504 | 0 | 0 | |a Bibliography: leaves 125-131 |
| 650 | 0 | |a Particles (Nuclear physics) | |
| 948 | |a 16/03/1991 |b 16/03/1991 | ||
| 596 | |a 1 | ||
| 999 | |a QC793 KAM |w LC |c 1 |i A002745239 |l STACKS |m P01UTAMA |r Y |s Y |t TESIS |u 10/1/1992 | ||
